000 00680cam a22002291 4500
001 sa 68019714
003 DLC
005 20260227112719.0
008 740327s1965 xx 000 0 ind
010 _asa 68019714
035 _a(OCoLC)843635
040 _aDLC
_cOAU
_dDLC
042 _apremarc
050 0 0 _aBP135
_b.U5
100 1 _aUmarie, Barmawie.
245 1 0 _aStatus hadits sebagai dasar tasjri.̕
260 _aSolo, ʻʻAb. Siti-Sjamsijahʼʼ
_c[1965]
300 _a94 p.
_c19 cm.
500 _aʻʻNaskah ini mulanja berupa skripsi jang kami adjukan pada FakultasSjari'ah I. A. I. N., Jogjakarta.ʼʼ
504 _aBibliography: p. 93-94.
650 0 _aHadith.
999 _c89028
_d89028